000 00438nam a2200169Ia 4500
005 20250508151407.0
008 008 250505s9999 xx 000 0 eng d
037 _aTextual
040 _aFEDL
_beng
_cFEDL
041 _aeng
_2eng
084 _a613.14, SVE
_qFEDL
100 _aSvensson R
_9759031
245 0 _aHandbook of malaria control
300 _a73p.
942 _cTEXL
_h613.14, SVE
999 _c1329490
_d1329490